000 01205nam a22003137a 4500
001 BD-DhSAU 8665
003 BD-DhSAU
005 20181218113234.0
008 150613b2017 bg a|||| m||| 00| 0 eng d
040 _aBD-DhSAU
082 _222
_a595.7
_bN868
100 _a Nowshin , Sameha
_4Registration No. #16-07558
245 _aStudy on the Biology and damage assessment of Sweet Potato Weevil, Cylas Formicarius in the laboratory /
_c Nowshin , Sameha
_bMs Thesis
260 _aSher-e-Bangla Agricultural University :
_bDepartment of Entomology,
_c2017.
300 _axii ; 59p. :
_bill. ;
_c30 cm.
500 _aMS thesis of Department of Entomology, Faculty of Agriculture, Sher-e-Bangla Agricultural University, Dhaka, Bangladesh
504 _aIncludes bibliographical references.
590 _aShofi
650 _aEntomology
650 _a Biology
650 _aDamage assessment
650 _aSweet Potato Weevil
650 _aCylas Formicarius
650 _alaboratory
700 _aAli , Mohammed
_eSuperviser
700 _a Akter , Tahmina
_eCo-superviser
856 _uhttp://archive.saulibrary.edu.bd:8080/xmlui/handle/123456789/1666
_yOnline Access
942 _2ddc
_cTHESIS
999 _c14372
_d14371